000 01319nam a22003617a 4500
001 0000893
003 KOHA_MİRAKIL
005 20260207001223.0
007 ta
008 081212b2001 tu |||gr||||#0|||1|tur |
020 _a9754711828
_cYTL13,305
040 _aTR-BiSEU
_btur
_cTR-BiSEU
_erda
041 0 _atur
_aeng
044 _ctu
050 _aPE1301
_b.S47 2001
100 1 _aŞerif, Bahire.
245 1 _aİngilizce'de yardımcı fiiller, zamanlar özeti, edilgen çatı, nakledilen söz/
_cBahire Şerif ; Bahire Şerif.
264 1 _aİstanbul :
_bFono Yayınları
_c2001
300 _a204 sayfa; 20 cm.
336 _ametin
_btxt
_2rdacontent
337 _aaracısız
_bn
_2rdamedia
338 _acilt
_bnc
_2rdacarrier
490 1 _aFono Açıköğretim Kurumu Yayınları İngilizce Gramer dizisi ;
_v2
650 0 _aEnglish language--Textbooks for foreign speakers--Turkish.
_93457
650 0 _aİngiliz dili--Kiplik.
_93458
650 0 _aEnglish language--Auxiliary verbs.
_93459
650 0 _aİngiliz dili--Yabancılar için ders kitapları--Türk.
_93460
650 0 _aEnglish language--Modality.
_93461
650 0 _aİngiliz dili--Yardımcı fiiller.
_93462
830 1 _aFono Açıköğretim Kurumu Yayınları İngilizce Gramer dizisi ;
_v2
_93463
907 _aDil
942 _2lcc
_cBK
999 _c888
_d888